Countries Most Similar To Burundi - Statistics

General Stats
  • This quiz has been taken 28 times
  • The average score is 15 of 20
Answer Stats
Rank Country Score % Correct
20 Kenya 69.1
100%
1 Rwanda 87.8
100%
8 Tanzania 73.4
94%
5 Republic of the Congo 75.3
88%
2 Uganda 79.1
88%
4 Cameroon 76.6
81%
18 South sudan 69.5
81%
17 Zambia 69.8
81%
14 Angola 70.3
75%
3 DRC 77.3
75%
15 Equatorial Guinea 70.3
75%
13 Gabon 70.6
75%
11 Guinea 71.8
75%
12 Malawi 71.6
75%
6 CAR 75.1
69%
19 Chad 59.3
63%
16 Burkina Faso 70
56%
9 Ivory Coast 72.3
56%
10 Benin 72.1
50%
7 Togo 74.5
50%
No matching quizzes found
Score Distribution
Percent of People with Each Score
Percentile by Number Answered
Your Score History
You have not taken this quiz